000 01077nam a2200289 c 4500
003 BLK
005 20250211121025.0
008 180411b bul|||||r ||||||| ||bul||
010 _aKNG00197474000
040 _aBLK
041 _aBUL
_cBUL
080 _aБългарска литература
_b821.163.2
_x-31
_z821.163.2-31
100 1 _aФучеджиев, Дико Славов
_eпърви автор
_9135213
139 _aФучеджиев, Дико Славов
_bФ 95
245 1 0 _aЖаждата, която ни изгаря
_bРоман
_cДико Славов Фучеджиев.
257 _aBGR
260 Пловдив
_bХристо Г. Данов
_c1985
300 _a268 с.
_c21 см
380 _aX
500 _a40 137 тир Кн. е получила I награда на конкурс за романи на съвр. тема'85.
852 _aЦб 139813
856 4 _qpdf
_u
856 4 _qpdf
_u
942 _cKNG
_n0
_02
944 _aCR
_c06.12.2016
_k30575
_lМартин Енчев
944 _aED
_c06.12.2016
_kКети_Илиева
999 _c188456
_d188456